[Event "Canadian zt"]
[Site "Toronto"]
[Date "2024.03.29"]
[Round "4"]
[White "Song, Ethan"]
[Black "Huang, Youhe"]
[Result "1-0"]
[WhiteElo "2208"]
[BlackElo "1992"]
[PlyCount "95"]
[EventDate "2024.03.27"]
[EventType "team-swiss"]
[EventRounds "10"]
[EventCountry "CAN"]
[SourceTitle "CB15_2024"]
[SourceDate "2024.04.10"]
[SourceVersion "1"]
[SourceVersionDate "2024.04.10"]
[SourceQuality "1"]

1. e4 e5 2. Nf3 Nc6 3. Nc3 Nf6 4. Bb5 Bc5 5. 0-0 0-0 6. d3 d6 7. Bxc6 bxc6 8. Be3 Bb6 9. h3 Re8 10. Re1 Ba5 11. Bd2 Nd7 12. Ne2 Bxd2 13. Qxd2 d5 14. Ng3 Rb8 15. b3 d4 16. Nh2 Nf8 17. f4 exf4 18. Qxf4 Ng6 19. Qf2 c5 20. Nf3 Rb6 21. Nh5 Ne5 22. Rf1 Qd7 23. Nxe5 Rxe5 24. Nxg7 Rg5 25. Nf5 Rbg6 26. Nh4 Rg7 27. Kh1 Rg3 28. Qf4 Qd8 29. Rf3 R3g5 30. Raf1 Bg4 31. Rg3 Be6 32. Rxg5 Rxg5 33. Rf3 h6 34. Rg3 Rxg3 35. Qxg3+ Qg5 36. Qxg5+ hxg5 37. Nf3 g4 38. hxg4 Bxg4 39. Kh2 f5 40. Kg3 Kg7 41. Kf4 Kf6 42. Ne5 Bd1 43. exf5 Bxc2 44. Nd7+ Ke7 45. Nxc5 Bb1 46. Ne4 Bxa2 47. g4 a5 48. g5 1-0

[Event "Canadian zt"]
[Site "Toronto"]
[Date "2024.03.28"]
[Round "3"]
[White "Saha, Ananda"]
[Black "Song, Ethan"]
[Result "0-1"]
[WhiteElo "2022"]
[BlackElo "2208"]
[PlyCount "111"]
[EventDate "2024.03.27"]
[EventType "team-swiss"]
[EventRounds "10"]
[EventCountry "CAN"]
[SourceTitle "CB15_2024"]
[SourceDate "2024.04.10"]
[SourceVersion "1"]
[SourceVersionDate "2024.04.10"]
[SourceQuality "1"]

1. d4 Nf6 2. Bg5 d5 3. Bxf6 exf6 4. e3 Be6 5. Nf3 Nd7 6. c4 Bb4+ 7. Nc3 dxc4 8. d5 Bg4 9. Bxc4 0-0 10. 0-0 Nb6 11. Bb3 a5 12. a3 Bxc3 13. bxc3 a4 14. Ba2 Qd6 15. Qc2 g6 16. Qb2 Bxf3 17. gxf3 Nxd5 18. Rfd1 Qb6 19. Qc2 Ne7 20. Qe4 Nf5 21. Qc4 Nd6 22. Qf4 Kg7 23. Bd5 Qc5 24. Qb4 Ra5 25. Rac1 Re8 26. f4 b6 27. Bf3 Qf5 28. Bc6 Re7 29. Bg2 Qg4 30. h3 Qe6 31. c4 Ne4 32. Rc2 h6 33. Rd5 Ra7 34. Qb2 Nc5 35. Kh2 c6 36. Rd1 Nb3 37. Bf3 h5 38. Rg1 Kh7 39. Rg2 Rad7 40. Qc3 Rd6 41. Qb4 Red7 42. Qxa4 Nd2 43. Rxd2 Rxd2 44. Bxc6 Rc7 45. Bd5 Qd6 46. Qe8 Qd7 47. Qf8 Qe7 48. Qb8 Ra7 49. Qxb6 Rxa3 50. Qc6 Raa2 51. c5 Rac2 52. Be4 Rxc5 53. Qa8 f5 54. Bf3 Rcc2 55. Kg1 Rxf2 56. Rxf2 0-1

[Event "Chesterfield SPICE Cup op"]
[Site "Chesterfield"]
[Date "2023.12.19"]
[Round "5"]
[White "Song, Ethan"]
[Black "Caglar, Sila"]
[Result "1-0"]
[WhiteElo "2171"]
[BlackElo "2194"]
[PlyCount "81"]
[EventDate "2023.12.17"]
[EventType "swiss"]
[EventRounds "9"]
[EventCountry "USA"]
[SourceTitle "CB52_2023"]
[SourceDate "2023.12.27"]
[SourceVersion "1"]
[SourceVersionDate "2023.12.27"]
[SourceQuality "1"]

1. e4 c6 2. d4 d5 3. Nc3 dxe4 4. Nxe4 Nf6 5. Nxf6+ exf6 6. c3 Bd6 7. Bd3 0-0 8. Qc2 h5 9. Ne2 Re8 10. 0-0 h4 11. h3 Nd7 12. Be3 Nf8 13. Rfe1 Bd7 14. Rad1 Rc8 15. c4 g6 16. Qd2 Ne6 17. d5 cxd5 18. cxd5 Nc5 19. Nc3 Nxd3 20. Qxd3 Bf5 21. Qd4 a6 22. Qxh4 g5 23. Qd4 b5 24. a3 Rc4 25. Qd2 Qd7 26. Bd4 Rxe1+ 27. Qxe1 g4 28. hxg4 Bc2 29. Rd2 Qxg4 30. Rxc2 Rxd4 31. Re2 Qh5 32. g3 f5 33. Re8+ Bf8 34. Qe5 Qg4 35. Qe7 Qg7 36. d6 f6 37. Ne2 Rd1+ 38. Kg2 Qh6 39. Qe6+ Kh8 40. Ng1 Qg7 41. d7 1-0

[Event "Chesterfield SPICE Cup op"]
[Site "Chesterfield"]
[Date "2023.12.18"]
[Round "2"]
[White "Liu, Zachary Hankun"]
[Black "Song, Ethan"]
[Result "1/2-1/2"]
[WhiteElo "1993"]
[BlackElo "2171"]
[PlyCount "127"]
[EventDate "2023.12.17"]
[EventType "swiss"]
[EventRounds "9"]
[EventCountry "USA"]
[SourceTitle "CB52_2023"]
[SourceDate "2023.12.27"]
[SourceVersion "1"]
[SourceVersionDate "2023.12.27"]
[SourceQuality "1"]

1. c4 Nf6 2. g3 e5 3. Bg2 Nc6 4. Nc3 Bb4 5. Nf3 0-0 6. 0-0 d6 7. d3 h6 8. Bd2 Re8 9. a3 Ba5 10. Nd5 Bb6 11. Bc3 Nxd5 12. cxd5 Ne7 13. Nd2 a6 14. Nc4 Ba7 15. d4 Ng6 16. dxe5 Nxe5 17. Nxe5 dxe5 18. Qc2 Bb6 19. e4 Bd7 20. a4 c6 21. Qb3 Rb8 22. Rfe1 cxd5 23. exd5 Qf6 24. Qc2 Rbc8 25. Qd2 Rc4 26. Re4 Rxe4 27. Bxe4 Bc5 28. Kg2 Qd6 29. Bc2 e4 30. Re1 Bf5 31. Qf4 Qxd5 32. Bb3 Qxb3 33. Qxf5 Qc4 34. Qd7 Re6 35. Qxb7 Qxa4 36. Qc8+ Bf8 37. Qb7 Qc4 38. Bd2 Re5 39. Be3 Qb5 40. Qa8 Re8 41. Qa7 a5 42. Qd4 g6 43. Ra1 Qf5 44. Qd2 Re5 45. Bxh6 Qf3+ 46. Kg1 Bc5 47. Be3 Bxe3 48. Qxe3 Qxe3 49. fxe3 Rb5 50. g4 Kg7 51. Ra4 f5 52. gxf5 gxf5 53. Ra2 Kf6 54. Kf2 Ke5 55. Kg3 Kd5 56. Ra4 Ke6 57. h4 Kf6 58. Ra2 Kg6 59. Kf4 Rd5 60. Kg3 Kh5 61. Kf4 Kg6 62. Kg3 Rb5 63. Kf4 Kh5 64. Ra1 1/2-1/2

[Event "Canadian op"]
[Site "Calgary"]
[Date "2023.07.30"]
[Round "10"]
[White "Song, Ethan"]
[Black "Doknjas, Neil"]
[Result "1-0"]
[WhiteElo "2027"]
[BlackElo "2126"]
[PlyCount "139"]
[EventDate "2023.07.22"]
[EventType "swiss"]
[EventRounds "10"]
[EventCountry "CAN"]
[SourceTitle "CBM 215 Extra"]
[Source "ChessBase"]
[SourceDate "2023.09.30"]
[SourceVersion "1"]
[SourceVersionDate "2023.09.30"]
[SourceQuality "1"]

1. e4 c5 2. Nf3 e6 3. d4 cxd4 4. Nxd4 a6 5. Bd3 Bc5 6. Nb3 Ba7 7. Qe2 Ne7 8. Be3 0-0 9. Bxa7 Rxa7 10. Qe3 Nbc6 11. Nc3 b5 12. 0-0-0 Rc7 13. e5 b4 14. Na4 Nd5 15. Qe4 f5 16. exf6 Nxf6 17. Qe2 d6 18. Nb6 Bb7 19. Qxe6+ Kh8 20. Nc4 Rd7 21. Qh3 a5 22. Bf5 a4 23. Nc5 dxc5 24. Rxd7 Qb8 25. Nd6 Nd4 26. Nxb7 Qf4+ 27. Kb1 Nxf5 28. Rd8 Rxd8 29. Nxd8 a3 30. Qb3 h6 31. Nf7+ Kh7 32. Qf3 Qxf3 33. gxf3 axb2 34. Kxb2 Nd5 35. a3 bxa3+ 36. Kxa3 Nd4 37. Kb2 Nxf3 38. Nd6 Kg6 39. Ne4 c4 40. Rd1 Nf4 41. Nd2 Nxh2 42. f3 Ne2 43. c3 Kf5 44. Rh1 Nxf3 45. Nxf3 Ke4 46. Nd4 Nf4 47. Re1+ Kd5 48. Kc2 g5 49. Nf5 h5 50. Ne3+ Ke4 51. Nxc4+ Kf3 52. Rg1 g4 53. Nd2+ Kf2 54. Rf1+ Ke3 55. Nc4+ Ke4 56. Nd6+ Ke5 57. Kd2 h4 58. Nf7+ Ke4 59. Ng5+ Ke5 60. c4 h3 61. Ke3 Ng2+ 62. Kf2 Kf5 63. Nf7 Kf4 64. Kg1+ Ke4 65. Nh6 Ne3 66. Re1 g3 67. Ng4 Kf3 68. Nxe3 h2+ 69. Kh1 Kf2 70. Ng2 1-0

[Event "Canadian op"]
[Site "Calgary"]
[Date "2023.07.29"]
[Round "9"]
[White "Piasetski, Leon David"]
[Black "Song, Ethan"]
[Result "1/2-1/2"]
[WhiteElo "2230"]
[BlackElo "2027"]
[PlyCount "71"]
[EventDate "2023.07.22"]
[EventType "swiss"]
[EventRounds "10"]
[EventCountry "CAN"]
[SourceTitle "CBM 215 Extra"]
[Source "ChessBase"]
[SourceDate "2023.09.30"]
[SourceVersion "1"]
[SourceVersionDate "2023.09.30"]
[SourceQuality "1"]

1. Nf3 Nf6 2. c4 e6 3. g3 Be7 4. Bg2 d5 5. d4 0-0 6. 0-0 b6 7. cxd5 exd5 8. Nc3 Bb7 9. Ne5 Ne4 10. Qb3 c5 11. dxc5 Nxc5 12. Qc2 Bf6 13. Ng4 Bxc3 14. bxc3 Nba6 15. Rd1 Re8 16. Ne3 Ne4 17. Bb2 Qg5 18. Qc1 Rad8 19. c4 dxc4 20. Rxd8 Rxd8 21. Qxc4 Nac5 22. Re1 h6 23. Qc1 Rc8 24. Qd1 Rd8 25. Qa1 f6 26. Rd1 Re8 27. Qc1 Qh5 28. Qc4+ Qf7 29. Qxf7+ Kxf7 30. Nf5 Bc8 31. Nd4 Ba6 32. e3 Nd3 33. Bxe4 Rxe4 34. Ba3 Re8 35. Nc6 Rc8 36. Nb4 1/2-1/2

[Event "Canadian op"]
[Site "Calgary"]
[Date "2023.07.23"]
[Round "2"]
[White "Song, Ethan"]
[Black "Douglas, Richard"]
[Result "1-0"]
[WhiteElo "2027"]
[BlackElo "1679"]
[PlyCount "75"]
[EventDate "2023.07.22"]
[EventType "swiss"]
[EventRounds "10"]
[EventCountry "CAN"]
[SourceTitle "EXT 2024"]
[Source "ChessBase"]
[SourceDate "2023.10.10"]
[SourceVersion "1"]
[SourceVersionDate "2023.10.10"]
[SourceQuality "1"]

1. e4 Nf6 2. e5 Nd5 3. d4 d6 4. c4 Nb6 5. exd6 exd6 6. Nf3 Bg4 7. Be2 Be7 8. 0-0 0-0 9. Nc3 Nc6 10. b3 a5 11. Be3 f5 12. h3 Bh5 13. Qd2 Bf6 14. Rad1 Bxf3 15. Bxf3 g5 16. Bxc6 bxc6 17. f4 g4 18. hxg4 fxg4 19. f5 Nd7 20. Bh6 Bg7 21. Bxg7 Kxg7 22. Qf4 Qh4 23. Ne4 h6 24. Rd3 Rae8 25. Rh3 Rxe4 26. Qxe4 Qg5 27. Re3 Nf6 28. Qf4 Qh5 29. Re7+ Rf7 30. Rfe1 Kf8 31. Rxf7+ Kxf7 32. g3 Qh3 33. Qe3 Ne4 34. Qxe4 Qxg3+ 35. Kf1 Qh3+ 36. Ke2 h5 37. Qe6+ Kg7 38. Qg6+ 1-0

[Event "CAN-ch"]
[Site "Toronto"]
[Date "2023.04.07"]
[Round "3"]
[White "Rusonik, Max"]
[Black "Song, Ethan"]
[Result "1-0"]
[WhiteElo "2262"]
[BlackElo "1915"]
[PlyCount "73"]
[EventDate "2023.04.06"]
[EventType "swiss"]
[EventRounds "9"]
[EventCountry "CAN"]
[SourceTitle "CBM 213 Extra"]
[Source "ChessBase"]
[SourceDate "2023.05.31"]
[SourceVersion "1"]
[SourceVersionDate "2023.05.31"]
[SourceQuality "1"]

1. e4 e6 2. d4 d5 3. e5 c5 4. c3 Nc6 5. Nf3 Nge7 6. Na3 Nf5 7. Nc2 cxd4 8. cxd4 Be7 9. Bd3 Qb6 10. 0-0 Bd7 11. g4 Nh6 12. h3 Ng8 13. b4 f6 14. b5 Na5 15. Re1 Nc4 16. a4 Rc8 17. Qe2 Bd8 18. Ne3 Nxe3 19. Qxe3 Ne7 20. a5 Qc7 21. Ba3 0-0 22. Bd6 Qc3 23. Ra3 Kh8 24. Rxc3 Rxc3 25. Qd2 Bxa5 26. Bxe7 Rf7 27. exf6 gxf6 28. Ra1 Ra3 29. Bxa3 Bxd2 30. Nxd2 e5 31. dxe5 fxe5 32. Bb2 d4 33. Rxa7 h5 34. Rxb7 hxg4 35. hxg4 Rg7 36. Bf5 Bxf5 37. Rxg7 1-0

[Event "Richmond Keres Memorial 46th"]
[Site "Richmond"]
[Date "2022.05.23"]
[Round "6"]
[White "Qiu, Peter Yong"]
[Black "Song, Ethan"]
[Result "1/2-1/2"]
[WhiteElo "1667"]
[BlackElo "1626"]
[PlyCount "151"]
[EventDate "2022.05.21"]
[EventType "swiss"]
[EventRounds "6"]
[EventCountry "CAN"]
[SourceTitle "CBM 209 Extra"]
[Source "ChessBase"]
[SourceDate "2022.09.30"]
[SourceVersion "1"]
[SourceVersionDate "2022.09.30"]
[SourceQuality "1"]

1. e4 e5 2. Nc3 Nc6 3. Bc4 Bc5 4. Qg4 g6 5. Qf3 Nf6 6. Nge2 d6 7. h3 h6 8. d3 Nb4 9. Bb3 Be6 10. a3 Nc6 11. Nd5 Bxd5 12. exd5 Nd4 13. Nxd4 Bxd4 14. c3 Bb6 15. Ba4+ Nd7 16. 0-0 Qe7 17. d4 0-0-0 18. Re1 Kb8 19. Bf4 f6 20. Re2 Qg7 21. Rae1 h5 22. Qd3 Qg8 23. Bh2 Qf7 24. Kh1 Qxd5 25. Qxg6 Rhg8 26. Qe4 Qxe4 27. Rxe4 c6 28. Bd1 Bc7 29. Bxh5 Rg5 30. Bd1 f5 31. f4 Rg7 32. R4e3 e4 33. g4 fxg4 34. hxg4 d5 35. Rh3 c5 36. f5 cxd4 37. cxd4 Bxh2 38. Kxh2 Nf6 39. Kg3 Rdg8 40. Rh4 Kc7 41. Kf4 Kd6 42. Reh1 Ke7 43. Rh8 Rxg4+ 44. Bxg4 Rxg4+ 45. Ke3 Rg3+ 46. Kd2 Rd3+ 47. Ke2 Rxd4 48. Rb8 Rc4 49. Rxb7+ Kd6 50. Rh6 Ke5 51. Re7+ Kxf5 52. Rf7 Rc6 53. Rxa7 Rc2+ 54. Kd1 Rxb2 55. Rf7 Rb6 56. a4 Ke5 57. Rhxf6 Rb1+ 58. Kc2 Ra1 59. Rf5+ Kd6 60. R7f6+ Kc5 61. a5 Kc4 62. a6 d4 63. Rc6+ Kb4 64. Rf4 d3+ 65. Kd2 Ra2+ 66. Kd1 Kb5 67. Rc8 e3 68. Re4 e2+ 69. Ke1 Ra1+ 70. Kd2 Rd1+ 71. Kc3 Rc1+ 72. Kxd3 Rxc8 73. Rxe2 Kxa6 74. Rc2 Rd8+ 75. Ke4 Rh8 76. Rb2 1/2-1/2

[Event "Richmond Keres Memorial 46th"]
[Site "Richmond"]
[Date "2022.05.21"]
[Round "1"]
[White "Song, Ethan"]
[Black "Schulte, Oliver"]
[Result "1/2-1/2"]
[WhiteElo "1626"]
[BlackElo "2353"]
[PlyCount "76"]
[EventDate "2022.05.21"]
[EventType "swiss"]
[EventRounds "6"]
[EventCountry "CAN"]
[SourceTitle "CBM 209 Extra"]
[Source "ChessBase"]
[SourceDate "2022.09.30"]
[SourceVersion "1"]
[SourceVersionDate "2022.09.30"]
[SourceQuality "1"]

1. e4 c5 2. Nf3 e6 3. d4 cxd4 4. Nxd4 Nf6 5. Nc3 Nc6 6. Nxc6 bxc6 7. e5 Nd5 8. Nxd5 cxd5 9. Bd3 d6 10. Bf4 Ba6 11. 0-0 Bxd3 12. Qxd3 Rc8 13. Rfe1 Qd7 14. Rad1 dxe5 15. Bxe5 f6 16. Bg3 Be7 17. Qe2 Kf7 18. a3 Bd6 19. c4 Bxg3 20. hxg3 Rhd8 21. cxd5 exd5 22. Qh5+ Kg8 23. Rxd5 Qxd5 24. Re8+ Rxe8 25. Qxd5+ Kh8 26. b4 h6 27. g4 Re1+ 28. Kh2 Ra1 29. Qb7 Rc3 30. Qxa7 Rcxa3 31. Qe7 Rb3 32. f3 Rab1 33. Qe8+ Kh7 34. Qe4+ Kh8 35. b5 Rxb5 36. Qe8+ Kh7 37. Qe4+ Kh8 38. Qe8+ Kh7 1/2-1/2

[Event "U20 2Inspire-ch"]
[Site "Richmond"]
[Date "2018.01.28"]
[Round "5.5"]
[White "Song, Ethan"]
[Black "Del Rayo Haro, Alfredo Alexei"]
[Result "1-0"]
[WhiteElo "1409"]
[BlackElo "1802"]
[PlyCount "57"]
[EventDate "2018.01.26"]
[EventType "swiss"]
[EventRounds "5"]
[EventCountry "CAN"]
[SourceTitle "EXT 2022"]
[Source "ChessBase"]
[SourceDate "2021.10.06"]
[SourceVersion "1"]
[SourceVersionDate "2021.10.06"]
[SourceQuality "1"]

1. e4 c5 2. Nf3 d6 3. d4 cxd4 4. Nxd4 Nf6 5. Nc3 Nbd7 6. Be3 g6 7. f3 e5 8. Nb3 Bg7 9. Qxd6 Bf8 10. Qd2 Bb4 11. 0-0-0 0-0 12. a3 Be7 13. g4 Nb6 14. Qf2 Qc7 15. Nb5 Qb8 16. h4 Be6 17. Nc5 Nc4 18. Nxe6 Nxe3 19. Qxe3 fxe6 20. h5 a6 21. Nc3 Qe8 22. Bc4 Qf7 23. hxg6 Qxg6 24. Bxe6+ Kh8 25. Bf5 Nxg4 26. fxg4 Bg5 27. Bxg6 Bxe3+ 28. Kb1 h6 29. Rd7 1-0

[Event "U20 2Inspire-ch"]
[Site "Richmond"]
[Date "2018.01.27"]
[Round "2.4"]
[White "Song, Ethan"]
[Black "Xu, Andrew"]
[Result "0-1"]
[WhiteElo "1409"]
[BlackElo "1453"]
[PlyCount "146"]
[EventDate "2018.01.26"]
[EventType "swiss"]
[EventRounds "5"]
[EventCountry "CAN"]
[SourceTitle "EXT 2022"]
[Source "ChessBase"]
[SourceDate "2021.10.06"]
[SourceVersion "1"]
[SourceVersionDate "2021.10.06"]
[SourceQuality "1"]

1. c4 c5 2. Nc3 Nc6 3. g3 g6 4. Bg2 Bg7 5. e3 e6 6. Nge2 Nge7 7. 0-0 0-0 8. d4 cxd4 9. exd4 d5 10. cxd5 Nxd5 11. Nxd5 exd5 12. Be3 Be6 13. Nf4 Rc8 14. Rc1 Qd6 15. Rc5 Ne7 16. Rxc8 Rxc8 17. Nxe6 Qxe6 18. Re1 Qb6 19. Bg5 Nf5 20. Bxd5 Bxd4 21. Qf3 Qxb2 22. g4 Rc2 23. Bh4 Rc1 24. gxf5 Rxe1+ 25. Kg2 Qb1 26. Bxf7+ Kf8 27. fxg6 Qe4 28. Qxe4 Rxe4 29. Bg3 Kg7 30. Bd5 Re2 31. Kf1 Rb2 32. gxh7 Kxh7 33. Be4+ Kg7 34. Bd5 a5 35. Ke1 b5 36. Kd1 b4 37. Bc4 a4 38. Kc1 b3 39. axb3 a3 40. b4 Rxb4 41. Ba2 Rb2 42. Bb1 Bc3 43. f3 Bd2+ 44. Kd1 Rxb1+ 45. Kxd2 a2 46. Be5+ Kg6 47. Ke2 Rh1 48. Kf2 Rxh2+ 49. Ke3 Rh1 50. f4 Kf5 51. Kf2 a1Q 52. Bxa1 Rxa1 53. Kf3 Ra4 54. Ke3 Rxf4 55. Kd3 Ke5 56. Kc3 Kd5 57. Kb3 Kc5 58. Kc3 Rf3+ 59. Kd2 Kc4 60. Ke2 Rb3 61. Kd2 Ra3 62. Ke2 Kd4 63. Kf2 Ke4 64. Kg2 Kf4 65. Kf2 Ra2+ 66. Ke1 Kf3 67. Kd1 Ke3 68. Kc1 Kd3 69. Kb1 Rh2 70. Kc1 Rg2 71. Kb1 Kc3 72. Ka1 Kb3 73. Kb1 Rg1# 0-1

[Event "U20 2Inspire-ch"]
[Site "Richmond"]
[Date "2018.01.26"]
[Round "1.3"]
[White "Bremner, William"]
[Black "Song, Ethan"]
[Result "1-0"]
[WhiteElo "1733"]
[BlackElo "1409"]
[PlyCount "111"]
[EventDate "2018.01.26"]
[EventType "swiss"]
[EventRounds "5"]
[EventCountry "CAN"]
[SourceTitle "EXT 2022"]
[Source "ChessBase"]
[SourceDate "2021.10.06"]
[SourceVersion "1"]
[SourceVersionDate "2021.10.06"]
[SourceQuality "1"]

1. d4 d5 2. c4 c6 3. Nf3 Nf6 4. Qc2 e6 5. g3 Na6 6. Bg2 Be7 7. 0-0 0-0 8. Nbd2 Re8 9. e4 Nb4 10. Qb1 dxe4 11. Nxe4 Nxe4 12. Qxe4 c5 13. dxc5 f5 14. Qe2 Bxc5 15. a3 Nc6 16. b4 Bb6 17. Bg5 Qd7 18. c5 Bc7 19. Rfd1 Qf7 20. b5 Ne7 21. Ne5 Bxe5 22. Qxe5 Ng6 23. Qe2 h6 24. Bc1 Rb8 25. Bb2 a6 26. Be5 Nxe5 27. Qxe5 Ra8 28. c6 axb5 29. Qxb5 Ra7 30. Qb6 bxc6 31. Bxc6 Rf8 32. Rd8 Rxd8 33. Qxd8+ Qf8 34. Qxf8+ Kxf8 35. f4 Ke7 36. a4 Kd8 37. Bb5 Bd7 38. Rd1 Ke7 39. Rxd7+ Rxd7 40. Bxd7 Kxd7 41. Kf2 Kc6 42. Ke3 Kc5 43. Kd3 g5 44. fxg5 hxg5 45. h4 gxh4 46. gxh4 f4 47. Ke4 e5 48. h5 Kc4 49. h6 Kc3 50. h7 Kd2 51. h8Q Ke2 52. Qh2+ Kd1 53. Kd3 e4+ 54. Kxe4 f3 55. Kd3 Ke1 56. Qg1# 1-0

[Event "Langley op"]
[Site "Langley"]
[Date "2017.09.02"]
[Round "1.9"]
[White "Lehingrat, Callum"]
[Black "Song, Ethan"]
[Result "1-0"]
[WhiteElo "1841"]
[BlackElo "1280"]
[PlyCount "67"]
[EventDate "2017.09.02"]
[EventType "swiss"]
[EventRounds "6"]
[EventCountry "CAN"]
[SourceTitle "EXT 2022"]
[Source "ChessBase"]
[SourceDate "2021.10.06"]
[SourceVersion "1"]
[SourceVersionDate "2021.10.06"]
[SourceQuality "1"]

1. d4 d5 2. c4 c6 3. Nf3 Nf6 4. e3 Bf5 5. b3 e6 6. Bb2 Na6 7. a3 Bd6 8. Be2 0-0 9. Nbd2 Re8 10. Nh4 Bc7 11. Nxf5 exf5 12. g3 g6 13. Rc1 Qd7 14. b4 Ne4 15. Qc2 Qe7 16. cxd5 Nxf2 17. 0-0 Nh3+ 18. Kg2 Qxe3 19. Bxa6 bxa6 20. Rce1 Qh6 21. Nf3 Ng5 22. Nxg5 Qxg5 23. Bc1 f4 24. Qxc6 Rec8 25. d6 Bb6 26. Qe4 Kf8 27. Bxf4 Qd8 28. Bh6+ Kg8 29. Qe5 f6 30. Qe6+ Kh8 31. Qf7 Rc2+ 32. Kh1 Qg8 33. Qxf6+ Qg7 34. Qxg7# 1-0

[Event "CAN-ch U08"]
[Site "Sault Ste Marie"]
[Date "2017.07.07"]
[Round "4"]
[White "Ksenych, Drew"]
[Black "Song, Ethan"]
[Result "0-1"]
[WhiteElo "954"]
[BlackElo "1315"]
[PlyCount "76"]
[EventDate "2017.07.06"]
[EventType "swiss"]
[EventRounds "7"]
[EventCountry "CAN"]
[SourceTitle "EXT 2022"]
[Source "ChessBase"]
[SourceDate "2021.10.06"]
[SourceVersion "1"]
[SourceVersionDate "2021.10.06"]
[SourceQuality "1"]

1. d4 d5 2. e4 dxe4 3. Nc3 Nf6 4. f3 exf3 5. Nxf3 e6 6. Bg5 Be7 7. Bd3 Nc6 8. Be3 Ng4 9. Qd2 Nxe3 10. Qxe3 0-0 11. 0-0-0 f5 12. Bc4 Kh8 13. Bxe6 g5 14. d5 Nb8 15. Qe5+ Bf6 16. Qxf5 Bxc3 17. Qh3 Bg7 18. Bxc8 Qxc8 19. Qh5 Qf5 20. Nxg5 h6 21. h4 Qf6 22. c3 Kg8 23. Ne4 Qf4+ 24. Nd2 Nd7 25. Rhf1 Qd6 26. Rde1 Nc5 27. Kc2 Qa6 28. Rxf8+ Rxf8 29. a3 Qd3+ 30. Kd1 Rf5 31. Qe2 Rxd5 32. Qxd3 Nxd3 33. Re7 Nxb2+ 34. Kc2 Na4 35. c4 Rc5 36. Kb3 Nb6 37. Kb4 Rc6 38. c5 Nd5+ 0-1

[Event "CAN-ch U08"]
[Site "Sault Ste Marie"]
[Date "2017.07.07"]
[Round "3"]
[White "Song, Ethan"]
[Black "Taylor, Aiden L"]
[Result "1-0"]
[WhiteElo "1315"]
[BlackElo "718"]
[PlyCount "91"]
[EventDate "2017.07.06"]
[EventType "swiss"]
[EventRounds "7"]
[EventCountry "CAN"]
[SourceTitle "EXT 2022"]
[Source "ChessBase"]
[SourceDate "2021.10.06"]
[SourceVersion "1"]
[SourceVersionDate "2021.10.06"]
[SourceQuality "1"]

1. c4 e5 2. Nc3 Nf6 3. g3 Nc6 4. Bg2 Bc5 5. e3 d6 6. a3 Be6 7. Nge2 0-0 8. d4 exd4 9. exd4 Bxc4 10. dxc5 Bxe2 11. Nxe2 dxc5 12. Qxd8 Rfxd8 13. Bxc6 bxc6 14. 0-0 h6 15. Be3 Re8 16. Nf4 Nd7 17. Rac1 Rab8 18. Rfd1 Red8 19. Bxc5 Nxc5 20. Rxd8+ Rxd8 21. Rxc5 Rd1+ 22. Kg2 Rd6 23. Ra5 g5 24. Nh3 Rd2 25. b4 Kf8 26. Rxa7 Rd7 27. a4 Ke8 28. a5 Rd4 29. Rxc7 Rxb4 30. a6 Rb8 31. a7 Ra8 32. Rb7 g4 33. Rb8+ Kd7 34. Rxa8 gxh3+ 35. Kxh3 Kd6 36. Rd8+ Kc5 37. a8Q Kb5 38. Qb7+ Kc5 39. Rd3 Kc4 40. Qb3+ Kc5 41. Qc3+ Kb5 42. Rd6 c5 43. Rd5 Ka6 44. Rxc5 Ka7 45. Rb5 Ka6 46. Qa5# 1-0

[Event "Vancouver Intermat"]
[Site "Vancouver"]
[Date "2016.05.14"]
[Round "2.4"]
[White "Chivers, Roman"]
[Black "Song, Ethan"]
[Result "1-0"]
[WhiteElo "1558"]
[BlackElo "1058"]
[PlyCount "43"]
[EventDate "2016.05.14"]
[EventType "swiss"]
[EventRounds "2"]
[EventCountry "CAN"]
[SourceTitle "EXT 2022"]
[Source "ChessBase"]
[SourceDate "2021.10.06"]
[SourceVersion "1"]
[SourceVersionDate "2021.10.06"]
[SourceQuality "1"]

1. e4 e6 2. Nf3 d5 3. exd5 exd5 4. d4 c5 5. Nc3 Nc6 6. Be3 Qb6 7. Bd3 cxd4 8. Nxd4 Nxd4 9. Bxd4 Qxd4 10. Bb5+ Bd7 11. Qxd4 Bxb5 12. Nxb5 Rc8 13. Qe5+ Be7 14. Nd6+ Kd8 15. Nxf7+ Ke8 16. Nxh8 Rxc2 17. 0-0 Rc4 18. Qxd5 Rh4 19. Qxg8+ Kd7 20. Qxg7 Kd8 21. Rfd1+ Ke8 22. Qf7# 1-0